<?xml version="1.0" encoding="UTF-8"?>
<record
    xmlns:xsi="http://www.w3.org/2001/XMLSchema-instance"
    xsi:schemaLocation="http://www.loc.gov/MARC21/slim http://www.loc.gov/standards/marcxml/schema/MARC21slim.xsd"
    xmlns="http://www.loc.gov/MARC21/slim">

  <leader>01702nam a22003737a 4500</leader>
  <controlfield tag="003">OSt</controlfield>
  <controlfield tag="005">20230125091243.0</controlfield>
  <controlfield tag="008">160723s2011        pn||||| |||| 00| 0 spa d</controlfield>
  <datafield tag="020" ind1=" " ind2=" ">
    <subfield code="a">9789962884248</subfield>
  </datafield>
  <datafield tag="040" ind1=" " ind2=" ">
    <subfield code="c">Lado V</subfield>
  </datafield>
  <datafield tag="082" ind1="0" ind2="4">
    <subfield code="a">704.042.728.7</subfield>
    <subfield code="b">K967m</subfield>
  </datafield>
  <datafield tag="100" ind1="1" ind2=" ">
    <subfield code="a">Kupfer, M&#xF3;nica E.</subfield>
    <subfield code="9">31</subfield>
  </datafield>
  <datafield tag="245" ind1="1" ind2="0">
    <subfield code="a">Mujeres en las artes :</subfield>
    <subfield code="b">de Panam&#xE1; en el siglo XX /</subfield>
    <subfield code="c">editado por M&#xF3;nica E. Kupfer.</subfield>
  </datafield>
  <datafield tag="250" ind1=" " ind2=" ">
    <subfield code="a">1a ed.</subfield>
  </datafield>
  <datafield tag="260" ind1=" " ind2=" ">
    <subfield code="a">Panam&#xE1; :</subfield>
    <subfield code="b">Fundaci&#xF3;n Arte y Cultura, Instituto Nacional de Cultura, </subfield>
    <subfield code="c">2011.</subfield>
  </datafield>
  <datafield tag="300" ind1=" " ind2=" ">
    <subfield code="a">236 p.</subfield>
    <subfield code="b">il. col.</subfield>
  </datafield>
  <datafield tag="505" ind1="0" ind2=" ">
    <subfield code="t">Pr&#xF3;logo y agradecimientos </subfield>
    <subfield code="r">M&#xF3;nica E. Kupfer.</subfield>
    <subfield code="t">Artes pl&#xE1;sticas</subfield>
    <subfield code="r">M&#xF3;nica E. Kupfer y &#xC1;ngela de Picardi.</subfield>
    <subfield code="t">Danza</subfield>
    <subfield code="r">Julieta de Diego de F&#xE1;brega y M&#xF3;nica E. Kupfer.</subfield>
    <subfield code="t">Fotograf&#xED;a y cine </subfield>
    <subfield code="r">Consuelo Tom&#xE1;s.</subfield>
    <subfield code="t">Literatura: escritoras paname&#xF1;as del siglo XX</subfield>
    <subfield code="r">Maida Watson.</subfield>
    <subfield code="t">M&#xFA;sica: influencia de la mujer en el desarrollo de la m&#xFA;sica cl&#xE1;sica en Panam&#xE1;</subfield>
    <subfield code="r">Priscilla Fil&#xF3;s y Carmen Linares.</subfield>
    <subfield code="t">Teatro: presencia y visi&#xF3;n de la mujer en la historia de teatro paname&#xF1;o</subfield>
    <subfield code="r">Isis Tejeira.</subfield>
    <subfield code="t">Autoras y dise&#xF1;adoras.</subfield>
    <subfield code="t">Cr&#xE9;ditos fotogr&#xE1;ficos.</subfield>
    <subfield code="t">&#xCD;ndice general.</subfield>
    <subfield code="t">Patrocinadores.</subfield>
  </datafield>
  <datafield tag="653" ind1="1" ind2="0">
    <subfield code="a">Artistas paname&#xF1;os</subfield>
  </datafield>
  <datafield tag="653" ind1="1" ind2="0">
    <subfield code="a">Mujeres artistas</subfield>
  </datafield>
  <datafield tag="653" ind1="1" ind2="0">
    <subfield code="a">Arte -Panam&#xE1;</subfield>
  </datafield>
  <datafield tag="653" ind1="1" ind2="0">
    <subfield code="a">Historia del arte</subfield>
  </datafield>
  <datafield tag="653" ind1="1" ind2="0">
    <subfield code="a">Arte centoamericano</subfield>
  </datafield>
  <datafield tag="653" ind1="1" ind2="0">
    <subfield code="a">Artes pl&#xE1;sticas - Panam&#xE1;</subfield>
  </datafield>
  <datafield tag="653" ind1="1" ind2="0">
    <subfield code="a">Danza - Panam&#xE1;</subfield>
  </datafield>
  <datafield tag="653" ind1="1" ind2="0">
    <subfield code="a">Fotograf&#xED;a - Panam&#xE1;</subfield>
  </datafield>
  <datafield tag="700" ind1="1" ind2=" ">
    <subfield code="a">F&#xE1;brega, Julieta de Diego.</subfield>
    <subfield code="9">5316</subfield>
  </datafield>
  <datafield tag="700" ind1="1" ind2=" ">
    <subfield code="a">Fil&#xF3;s, Priscilla.</subfield>
    <subfield code="9">5317</subfield>
  </datafield>
  <datafield tag="700" ind1="1" ind2=" ">
    <subfield code="a">Linares, Carmen.</subfield>
    <subfield code="9">5318</subfield>
  </datafield>
  <datafield tag="700" ind1="1" ind2=" ">
    <subfield code="a">Picardi, &#xC1;ngela de.</subfield>
    <subfield code="9">2030</subfield>
  </datafield>
  <datafield tag="700" ind1="1" ind2=" ">
    <subfield code="a">Tejeira, Isis.</subfield>
    <subfield code="9">5319</subfield>
  </datafield>
  <datafield tag="700" ind1="1" ind2=" ">
    <subfield code="a">Tom&#xE1;s, Consuelo.</subfield>
    <subfield code="9">5320</subfield>
  </datafield>
  <datafield tag="700" ind1="1" ind2=" ">
    <subfield code="a">Watson, Maida.</subfield>
    <subfield code="9">5321</subfield>
  </datafield>
  <datafield tag="942" ind1=" " ind2=" ">
    <subfield code="2">ddc</subfield>
    <subfield code="c">1</subfield>
  </datafield>
  <datafield tag="999" ind1=" " ind2=" ">
    <subfield code="c">984</subfield>
    <subfield code="d">984</subfield>
  </datafield>
  <datafield tag="952" ind1=" " ind2=" ">
    <subfield code="0">0</subfield>
    <subfield code="1">0</subfield>
    <subfield code="2">ddc</subfield>
    <subfield code="4">0</subfield>
    <subfield code="7">0</subfield>
    <subfield code="a">LV</subfield>
    <subfield code="b">LV</subfield>
    <subfield code="c">Colectivas</subfield>
    <subfield code="d">2016-07-23</subfield>
    <subfield code="l">0</subfield>
    <subfield code="o">704.042.728.7 K967m</subfield>
    <subfield code="p">001613</subfield>
    <subfield code="r">2016-07-23 00:00:00</subfield>
    <subfield code="w">2016-07-23</subfield>
    <subfield code="y">01</subfield>
  </datafield>
  <datafield tag="952" ind1=" " ind2=" ">
    <subfield code="0">0</subfield>
    <subfield code="1">0</subfield>
    <subfield code="2">ddc</subfield>
    <subfield code="4">0</subfield>
    <subfield code="7">0</subfield>
    <subfield code="a">LV</subfield>
    <subfield code="b">LV</subfield>
    <subfield code="d">2016-07-23</subfield>
    <subfield code="i">003877</subfield>
    <subfield code="l">0</subfield>
    <subfield code="o">704.042.728.7 K967m</subfield>
    <subfield code="p">003877</subfield>
    <subfield code="r">2023-01-25 00:00:00</subfield>
    <subfield code="w">2016-07-23</subfield>
    <subfield code="y">01</subfield>
  </datafield>
</record>
